Science at the bedside : (Record no. 846)

000 -LEADER
fixed length control field 01338nam a22003617a 4500
001 - CONTROL NUMBER
control field 3245466
003 - CONTROL NUMBER IDENTIFIER
control field OSt
005 - DATE AND TIME OF LATEST TRANSACTION
control field 20210426093147.0
008 - FIXED-LENGTH DATA ELEMENTS--GENERAL INFORMATION
fixed length control field 801229s1981 mduc b 001 0 eng
010 ## - LIBRARY OF CONGRESS CONTROL NUMBER
LC control number 80028786
020 ## - INTERNATIONAL STANDARD BOOK NUMBER
International Standard Book Number 0801825628
040 ## - CATALOGING SOURCE
Original cataloging agency eng
Transcribing agency DLC
Modifying agency eng
041 ## - LANGUAGE CODE
Language code of text/sound track or separate title eng
043 ## - GEOGRAPHIC AREA CODE
Geographic area code n-us---
050 00 - LIBRARY OF CONGRESS CALL NUMBER
Classification number R854.U5
Item number H37
060 ## - NATIONAL LIBRARY OF MEDICINE CALL NUMBER
Classification number WZ 70 AA1 H3s
080 ## - UNIVERSAL DECIMAL CLASSIFICATION NUMBER
Universal Decimal Classification number 61 (09)
Item number M-44
082 00 - DEWEY DECIMAL CLASSIFICATION NUMBER
Classification number 610/.72073
Edition number 19
100 1# - MAIN ENTRY--PERSONAL NAME
Personal name Harvey, A. McGehee
Fuller form of name (Abner McGehee),
Dates associated with a name 1911-
245 10 - TITLE STATEMENT
Title Science at the bedside :
Remainder of title clinical research in American medicine 1905-1945 /
Statement of responsibility, etc. / by: The Johns Hopkins University Press
260 ## - PUBLICATION, DISTRIBUTION, ETC.
Place of publication, distribution, etc. Baltimore :
Name of publisher, distributor, etc. The Johns Hopkins University Press
Date of publication, distribution, etc. c1981.
300 ## - PHYSICAL DESCRIPTION
Extent xix, 554 p. :
Other physical details port. ;
Dimensions 24 cm.
504 ## - BIBLIOGRAPHY, ETC. NOTE
Bibliography, etc. note Includes bibliographical references and indexes.
650 #0 - SUBJECT ADDED ENTRY--TOPICAL TERM
Topical term or geographic name entry element Medicine
General subdivision Research
Geographic subdivision United States
General subdivision History
Chronological subdivision 20th century.
650 #0 - SUBJECT ADDED ENTRY--TOPICAL TERM
Topical term or geographic name entry element Clinical medicine
General subdivision Research
Geographic subdivision United States
General subdivision History
Chronological subdivision 20th century.
650 #2 - SUBJECT ADDED ENTRY--TOPICAL TERM
Topical term or geographic name entry element Academic medical centers
General subdivision History
Geographic subdivision United States.
650 #2 - SUBJECT ADDED ENTRY--TOPICAL TERM
Topical term or geographic name entry element History of medicine, 20th century
Geographic subdivision United States.
650 #2 - SUBJECT ADDED ENTRY--TOPICAL TERM
Topical term or geographic name entry element Physicians
Geographic subdivision United States
General subdivision Biography.
650 #2 - SUBJECT ADDED ENTRY--TOPICAL TERM
Topical term or geographic name entry element Research
General subdivision History
Geographic subdivision United States.
653 ## - INDEX TERM--UNCONTROLLED
Uncontrolled term მედიცინის ისტორია
906 ## - LOCAL DATA ELEMENT F, LDF (RLIN)
a 7
b cbc
c orignew
d u
e ocip
f 19
g y-gencatlg
942 ## - ADDED ENTRY ELEMENTS (KOHA)
Source of classification or shelving scheme
Koha item type Books
Holdings
Withdrawn status Lost status Source of classification or shelving scheme Damaged status Not for loan Permanent location Current location Date acquired Inventory number Total Checkouts Full call number Barcode Date last seen Price effective from Koha item type
          Ken Walker International University Ken Walker International University 12/29/2020 2321   61 (09) M-44 2321 12/29/2020 12/29/2020 Books

Powered by Koha